<?xml version="1.0" encoding="UTF-8"?>
<record
    xmlns:xsi="http://www.w3.org/2001/XMLSchema-instance"
    xsi:schemaLocation="http://www.loc.gov/MARC21/slim http://www.loc.gov/standards/marcxml/schema/MARC21slim.xsd"
    xmlns="http://www.loc.gov/MARC21/slim">

  <leader>00609nam a22001217a 4500</leader>
  <datafield tag="040" ind1=" " ind2=" ">
    <subfield code="c">RUA</subfield>
  </datafield>
  <datafield tag="100" ind1=" " ind2=" ">
    <subfield code="a">OUCH POV &#x17A2;&#x17CA;&#x17BC;&#x1785; &#x1796;&#x17C5;</subfield>
  </datafield>
  <datafield tag="245" ind1=" " ind2=" ">
    <subfield code="a">COMPARISON OF UREA FERTILIZER RATES ON GROWTH AND YIELD OF GREEN MUSTARD (BRASSICA JUNCEA .L). &#x1780;&#x17B6;&#x179A;&#x1794;&#x17D2;&#x179A;&#x17C0;&#x1794;&#x1792;&#x17C0;&#x1794;&#x1780;&#x1798;&#x17D2;&#x179A;&#x17B7;&#x178F;&#x1787;&#x17B8;&#x17A2;&#x17CA;&#x17BB;&#x1799;&#x179A;&#x17C9;&#x17C1;&#x1791;&#x17C5;&#x179B;&#x17BE;&#x1780;&#x17B6;&#x179A;&#x179B;&#x17BC;&#x178F;&#x179B;&#x17B6;&#x179F;&#x17CB;&#x1793;&#x17B7;&#x1784;&#x1791;&#x17B7;&#x1793;&#x17D2;&#x1793;&#x1795;&#x179B;&#x178A;&#x17C6;&#x178E;&#x17B6;&#x17C6;&#x179F;&#x17D2;&#x1796;&#x17C3;&#x1781;&#x17C0;&#x179C;</subfield>
  </datafield>
  <datafield tag="260" ind1=" " ind2=" ">
    <subfield code="a">Phnom Penh</subfield>
    <subfield code="b">RUA</subfield>
    <subfield code="c">2020</subfield>
  </datafield>
  <datafield tag="300" ind1=" " ind2=" ">
    <subfield code="a">IX.37P</subfield>
    <subfield code="b">VII</subfield>
    <subfield code="c">29CM</subfield>
  </datafield>
  <datafield tag="856" ind1=" " ind2=" ">
    <subfield code="u">https://drive.google.com/file/d/1gwqyQSa8sW0iLFm39e9AJQdsrSmJDgKe/view?usp=sharing</subfield>
  </datafield>
  <datafield tag="942" ind1=" " ind2=" ">
    <subfield code="c">AGR</subfield>
  </datafield>
  <datafield tag="999" ind1=" " ind2=" ">
    <subfield code="c">20542</subfield>
    <subfield code="d">20542</subfield>
  </datafield>
  <datafield tag="952" ind1=" " ind2=" ">
    <subfield code="0">0</subfield>
    <subfield code="1">0</subfield>
    <subfield code="2">ddc</subfield>
    <subfield code="4">0</subfield>
    <subfield code="6">AGR_OUC_2020_000000000000000_B1594_OR</subfield>
    <subfield code="7">0</subfield>
    <subfield code="9">91506</subfield>
    <subfield code="a">LBB</subfield>
    <subfield code="b">LBB</subfield>
    <subfield code="c">B1.594</subfield>
    <subfield code="d">2022-09-16</subfield>
    <subfield code="o">AGR OUC 2020 B1-594 Or.</subfield>
    <subfield code="p">a069904</subfield>
    <subfield code="r">2022-09-16</subfield>
    <subfield code="w">2022-09-16</subfield>
    <subfield code="y">AGR</subfield>
  </datafield>
  <datafield tag="952" ind1=" " ind2=" ">
    <subfield code="0">0</subfield>
    <subfield code="1">0</subfield>
    <subfield code="2">ddc</subfield>
    <subfield code="4">0</subfield>
    <subfield code="6">AGR_OUC_2020_000000000000000_B1594_OR</subfield>
    <subfield code="7">0</subfield>
    <subfield code="9">91507</subfield>
    <subfield code="a">LBB</subfield>
    <subfield code="b">LBB</subfield>
    <subfield code="c">B1.594</subfield>
    <subfield code="d">2022-09-16</subfield>
    <subfield code="l">1</subfield>
    <subfield code="o">AGR OUC 2020 B1-594 Or.</subfield>
    <subfield code="p">a070437</subfield>
    <subfield code="r">2023-05-09</subfield>
    <subfield code="s">2023-04-05</subfield>
    <subfield code="w">2022-09-16</subfield>
    <subfield code="y">AGR</subfield>
  </datafield>
  <datafield tag="952" ind1=" " ind2=" ">
    <subfield code="0">0</subfield>
    <subfield code="1">0</subfield>
    <subfield code="2">ddc</subfield>
    <subfield code="4">0</subfield>
    <subfield code="6">AGR_OUC_2020_000000000000000_B1594_OR</subfield>
    <subfield code="7">0</subfield>
    <subfield code="9">91508</subfield>
    <subfield code="a">LBB</subfield>
    <subfield code="b">LBB</subfield>
    <subfield code="c">B1.594</subfield>
    <subfield code="d">2022-09-16</subfield>
    <subfield code="o">AGR OUC 2020 B1-594 Or.</subfield>
    <subfield code="p">a070377</subfield>
    <subfield code="r">2022-09-16</subfield>
    <subfield code="w">2022-09-16</subfield>
    <subfield code="y">AGR</subfield>
  </datafield>
  <datafield tag="952" ind1=" " ind2=" ">
    <subfield code="0">0</subfield>
    <subfield code="1">0</subfield>
    <subfield code="2">ddc</subfield>
    <subfield code="4">0</subfield>
    <subfield code="6">AGR_OUC_2020_000000000000000_B1594_OR</subfield>
    <subfield code="7">0</subfield>
    <subfield code="9">91509</subfield>
    <subfield code="a">LBB</subfield>
    <subfield code="b">LBB</subfield>
    <subfield code="c">B1.594</subfield>
    <subfield code="d">2022-09-16</subfield>
    <subfield code="l">1</subfield>
    <subfield code="o">AGR OUC 2020 B1-594 Or.</subfield>
    <subfield code="p">a070489</subfield>
    <subfield code="r">2023-08-02</subfield>
    <subfield code="s">2023-07-19</subfield>
    <subfield code="w">2022-09-16</subfield>
    <subfield code="y">AGR</subfield>
  </datafield>
</record>
